000 01333nam a2200265 i 4500
001 97091
003 ES-MaACL
005 20251001141905.0
007 t|
008 050706m19151919sp ||||1| spa d
245 0 0 _aManual de Patología Interna /
_cBalthazard, Cestan, H. Claude...
250 _a2ª ed.
260 _aValencia :
_bPubul y Morales,
_c1915-1919.
300 _a4 v. :
_bil. ;
_c22 cm.
505 8 _aContiene: Tomo I-- Enfermedades infecciosas: Nicolás.-- Intoxicaciones: Balthazard. Traducido Antonio González Prats. VIII, 700 p., 2 h. Tomo II-- Nutrición, sangre: Balthazard.-- Corazón, pulmones: Macaigne. Traducido por Martín Vallejo Lobón. 650 p., 3 h. Tomo III-- Tubo digestivo, peritoneo, páncreas: Balthazard.-- Hígado, riñones, cápsulas suprarrenales: Claude. Traducido por Arturo Cubells Blasco. 776 p., 4 h. Tomo IV-- Sistema nervioso: Cestan, Verger. Traducido por Rafael Pastor Reig. 728 p., 1 h.
650 0 4 _aPatología.
_915884
700 1 _aGonzález Prats, Antonio,
_d1863-1920
_958882
700 1 _aVallejo Lobón, Martín,
_d1861-1919
_9112853
700 1 _aClaude, H.
_939078
700 1 _aCubells Blasco, Arturo.
_941926
700 1 _aPastor Reig, Rafael.
_989522
700 1 _aBalthazard, Victor.
_925130
852 _aES-MaACL
_jB-11257-60
999 _c97091
_d97091